000 01041pam a2200289 a 4500
001 3384995
005 20170105102911.0
008 880815s1989 nyu 000 0 eng
010 _a 88045346
020 _a0394564774 :
_c$18.95
040 _aDLC
_cDLC
_dDLC
043 _an-usu--
050 0 0 _aF216.2
_b.N35 1989
082 0 0 _a975/.04
_219
100 1 _aNaipaul, V. S.
_q(Vidiadhar Surajprasad),
_d1932-
245 1 2 _aA turn in the South /
_cV.S. Naipaul.
250 _a1st trade ed.
260 _aNew York :
_bKnopf :
_bDistributed by Random House,
_c1989.
300 _a307 p. ;
_c25 cm.
600 1 0 _aNaipaul, V. S.
_q(Vidiadhar Surajprasad),
_d1932-
_xTravel
_zSouthern States.
651 0 _aSouthern States
_xCivilization
_y20th century.
651 0 _aSouthern States
_xSocial life and customs
_y1865-
856 4 2 _3Publisher description
_uhttp://www.loc.gov/catdir/enhancements/fy0904/88045346-d.html
906 _a7
_bcbc
_corignew
_d1
_eocip
_f19
_gy-gencatlg
942 _2ddc
_cBK
999 _c15151
_d15151